Prosistas modernos / (Record no. 189313)
[ view plain ]
| 000 -LEADER | |
|---|---|
| campo de control de longitud fija | 01508nam a2200253 i 4500 |
| 001 - NÚMERO DE CONTROL | |
| campo de control | 189313 |
| 003 - IDENTIFICADOR DE NÚMERO DE CONTROL | |
| campo de control | SpMaBN |
| 005 - FECHA Y HORA DE LA ÚLTIMA TRANSACCIÓN | |
| campo de control | 20230906223438.0 |
| 008 - DATOS DE LONGITUD FIJA--INFORMACIÓN GENERAL | |
| campo de control de longitud fija | 190522s1925 sp a |||| |dspa d |
| 245 00 - MENCIÓN DEL TÍTULO | |
| Título | Prosistas modernos / |
| Mención de responsabilidad, etc. | selección hecha por Enrique Díez-Canedo ; dibujos de F. Marco. |
| 260 ## - PUBLICACIÓN, DISTRIBUCIÓN, ETC. | |
| Lugar de publicación, distribución, etc. | Madrid : |
| Nombre del editor, distribuidor, etc. | Instituto-Escuela, Junta para Ampliación de Estudios, |
| Fecha de publicación, distribución, etc. | 1925 ( |
| Fabricante | Tip. de la "Rev. de Archivos") |
| 300 ## - DESCRIPCIÓN FÍSICA | |
| Extensión | 307 p. : |
| Otras características físicas | il. ; |
| Dimensiones | 19 cm. |
| 490 1# - MENCIÓN DE SERIE | |
| Mención de serie | Biblioteca literaria del estudiante ; |
| Designación de volumen o secuencia | 4 |
| 505 8# - NOTA DE CONTENIDO CON FORMATO | |
| Nota de contenido con formato | Contiene títulos de: José Somoza, Cecilia Bohl de Faber, Serafín Estébanez Calderón, Ramón de Mesonero Romanos, Mariano José de Larra, Domingo Faustino Sarmiento, Antonio de Trueba, Juan Valera, Emilio Castelar, Pedro Antonio de Alarcón, José María de Pereda, Ricardo Palma, Gustavo Adolfo Bécquer, Benito Pérez Galdós, Emilia Pardo Bazán, Leopoldo Alas, José Martí, Armando Palacio Valdés, Mariano de Cavia, José Nogales, Marcelino Menéndez Pelayo, Francisco Navarro y Ledesma, Ángel Ganivet, Rubén Darío, Amado Nervo, José Enrique Rodó |
| 650 #4 - PUNTO DE ACCESO ADICIONAL DE MATERIA--TÉRMINO DE MATERIA | |
| Término de materia o nombre geográfico como elemento de entrada | Prosa española- |
| Subdivisión cronológica | S.XIX. |
| 9 (RLIN) | 170538 |
| 650 #4 - PUNTO DE ACCESO ADICIONAL DE MATERIA--TÉRMINO DE MATERIA | |
| Término de materia o nombre geográfico como elemento de entrada | Prosa española- |
| Subdivisión cronológica | S.XX. |
| 9 (RLIN) | 170539 |
| 650 #4 - PUNTO DE ACCESO ADICIONAL DE MATERIA--TÉRMINO DE MATERIA | |
| Término de materia o nombre geográfico como elemento de entrada | Prosa hispanoamericana. |
| 9 (RLIN) | 170540 |
| 700 1# - ENTRADA AGREGADA--NOMBRE PERSONAL | |
| Nombre de persona | Díez-Canedo, Enrique, |
| Fechas asociadas al nombre | 1879-1944 |
| 9 (RLIN) | 44685 |
| 700 1# - ENTRADA AGREGADA--NOMBRE PERSONAL | |
| Nombre de persona | Marco, Fernando. |
| 9 (RLIN) | 76462 |
| 710 2# - ENTRADA AGREGADA--NOMBRE DE ENTIDAD CORPORATIVA | |
| Nombre de entidad corporativa o nombre de jurisdicción como elemento de entrada | Instituto-Escuela (Madrid) |
| 9 (RLIN) | 5032 |
| 830 0# - PUNTO DE ACCESO ADICIONAL DE SERIE-TÍTULO UNIFORME | |
| Título uniforme | Biblioteca literaria del estudiante ; |
| Designación de volumen o secuencia | 4 |
| 9 (RLIN) | 185110 |
| 852 ## - LOCALIZACIÓN | |
| Ubicación | ES-MaACL |
| Número de control de estantería | L-32323 |
| Estatus retirado | Estado de pérdida | Estado de daño | No para préstamo | Biblioteca de origen | Biblioteca actual | Ubicación en estantería | Fecha de adquisición | Fuente de adquisición | Total de préstamos | Signatura topográfica completa | Código de barras | Visto por última vez | Precio de reemplazo | Tipo de ítem Koha |
|---|---|---|---|---|---|---|---|---|---|---|---|---|---|---|
| Biblioteca del Ateneo de Madrid | Biblioteca del Ateneo de Madrid | Depósito 2 | 22/05/2019 | L-32323 | 1200579 | 23/02/2023 | 23/02/2023 | Libro impreso |
